Stranger Things Season One Quiz - Statistics

General Stats
  • This quiz has been taken 329 times
  • The average score is 20 of 30
Answer Stats
Hint Answer % Correct
The chief of police Hopper
99%
Gets "Lost in the woods" Will
99%
_________ Harrington Steve
98%
Who's pool does Barb die in Steve's
98%
Jonathan's last name Byers
97%
The mother of the person above Joyce
97%
_________ Henderson Dustin
96%
Where the story takes place Hawkins
96%
Flips a van over Eleven
95%
Who did Jonathan take a picture of Nancy
95%
Gets called "Frog face" by bullies Mike
92%
Ted's last name Wheeler
90%
Erica's Brother Lucas
87%
What Type of haircut does Will have Bowl
71%
The name of the first episode The Vanishingof Will Byers
71%
Will's Fort Castle Byers
68%
What animal is Chester Dog
65%
Nancy's actor Natalia Dyer
58%
Steve's Ex friend Tommy
57%
The answer above's girlfriend Carol
53%
Jonathan's actor Charlie Heaton
51%
The Name of episode eight The Upside Down
49%
''Kills" Martin Demogorgon
48%
Kills Benny Hammond Connie Frazier
43%
Brenner's actor Matthew Modine
32%
Erica's Mother Sue
26%
Erica's Father Charles
21%
Mike's Bullies Troy and James
20%
Cynthia's dad Lonnie
17%
Chester's actor Crusier
0%
No matching quizzes found
Score Distribution
Percent of People with Each Score
Percentile by Number Answered
Your Score History
You have not taken this quiz